000 00322 a2200157 4500
001 187959
020 _a85-305-0461-5
040 _cMagnum
100 _aGaldino, Luiz
240 1 0 _aAs cruzadas
_lpor
245 1 0 _aAs cruzadas
300 _a80
362 0 _a2006
697 _aLITERATURA INFANTO-JUVENIL
942 _cBK
999 _c187959
_d187959